| 000 | 01020nam a22003017a 4500 | ||
|---|---|---|---|
| 003 | CHAP | ||
| 005 | 20220817044235.0 | ||
| 008 | 081204s2006 us a r 00010 eng d | ||
| 010 | _a95458 | ||
| 011 | _a96430 | ||
| 020 | _a0821365975 | ||
| 035 | _a107083 | ||
| 040 | _cCHAP | ||
| 082 | 0 | 0 |
_a333.7 _bW89 |
| 110 | 0 |
_aWorld Bank, The _9122697 |
|
| 245 | 1 | 0 |
_aSustainable land management : _bchallenges, opportunities, and trade-offs _c/by The World Bank |
| 260 |
_aWashington, DC : _bThe World Bank, _c2006 |
||
| 300 |
_a87 p. _bilus., cuadros, mapas |
||
| 590 |
_aBATCH-UPD _b10 _c20130110 _lUCH01 _h1008 |
||
| 590 |
_aCONVERSION _b10 _c20130109 _lUCH01 _h1353 |
||
| 650 | 0 | 4 | _aDesarrollo sustentable. |
| 650 | 1 | 4 | _aAgricultura sustentable. |
| 650 | 1 | 4 |
_aTierras _xAprovechamiento. _9113069 |
| 901 | _aBK | ||
| 942 | _cLIBRO | ||
| 949 |
_a333.7 W89 _bBC _cLIBRO _d33724002069231 _eLIBRO _gI.c/e _h110309 _i107083 _sb _t$220.00 |
||
| 949 |
_a333.7 W89 _bBC _cLIBRO _d33724002069272 _eLIBRO _fc.2 _gI.c/e _h110310 _i107083 _sb _t$220.00 |
||
| 999 |
_c95458 _d95458 |
||